000 00755nam a2200289 a 4500
003 AR-BaBNM
005 20251128205404.0
008 082120s2002 ||||||||||||||000 | spa||
020 _a84-276-1308-3
040 _cAR-BaBNM
100 1 _aRuiz Lagos, Manuel
245 0 0 _aPolítica y desarrollo social en la baja Andalucía
260 _aMadrid
_bNacional
_c1976
300 _a373 p.
_btablas
490 0 _aRitmo universitario
650 4 _aREVOLUCION
650 4 _aCOMERCIO
650 4 _aHISTORIA POLITICA
650 4 _aHISTORIA ECONOMICA
650 4 _aHISTORIA DE LA EDUCACION
650 4 _aAGRICULTURA
650 4 _aSIGLO DIECINUEVE
651 4 _aAmérica Latina
653 _aHISTORIA ESPAÑOLA
942 _cBK
998 _cmariana
999 _c11218
_d11218